[Event "DEM U10 2021"]
[Site "Willingen GER"]
[Date "2021.08.23"]
[Round "1"]
[White "Peglau, Paul David"]
[Black "Vinogradov, Ilia"]
[Result "1/2-1/2"]
[Termination "normal"]
[Board "13"]
[WhiteElo "1365"]
[BlackElo "1217"]
[WhiteClock "00:03:37"]
[BlackClock "00:37:56"]
[PlyCount "60"]
[WhiteFideId "16290550"]
[BlackFideId "34603166"]
[EventCountry "GER"]
[EventRounds "11"]
[EventType "swiss"]
[EventDate "2021.08.22"]

1. e4 {[%clk 01:15:31]} {[%emt 00:00:29]} e5 {[%clk 01:15:52]} {[%emt
00:00:09]} 2. Nf3 {[%clk 01:15:39]} {[%emt 00:00:21]} Nc6 {[%clk 01:16:14]}
{[%emt 00:00:08]} 3. Bc4 {[%clk 01:15:56]} {[%emt 00:00:14]} Bc5 {[%clk
01:16:36]} {[%emt 00:00:07]} 4. d3 {[%clk 01:15:25]} {[%emt 00:01:02]} h6
{[%clk 01:15:43]} {[%emt 00:01:23]} 5. Be3 {[%clk 01:13:41]} {[%emt 00:02:14]}
Bb6 {[%clk 01:15:57]} {[%emt 00:00:16]} 6. O-O {[%clk 01:09:55]} {[%emt
00:04:15]} Nf6 {[%clk 01:15:23]} {[%emt 00:01:04]} 7. Nc3 {[%clk 01:07:59]}
{[%emt 00:02:26]} O-O {[%clk 01:14:29]} {[%emt 00:01:23]} 8. a3 {[%clk
00:57:29]} {[%emt 00:11:02]} d6 {[%clk 01:13:05]} {[%emt 00:01:53]} 9. h3
{[%clk 00:51:18]} {[%emt 00:06:41]} Be6 {[%clk 01:12:50]} {[%emt 00:00:45]} 10.
Nd5 {[%clk 00:50:47]} {[%emt 00:01:02]} Re8 {[%clk 01:10:08]} {[%emt 00:03:11]}
11. Qd2 {[%clk 00:49:27]} {[%emt 00:01:51]} Kh7 {[%clk 01:06:45]} {[%emt
00:03:52]} 12. b4 {[%clk 00:46:00]} {[%emt 00:03:58]} Nd4 {[%clk 01:04:03]}
{[%emt 00:03:11]} 13. Nxd4 {[%clk 00:37:59]} {[%emt 00:08:32]} Bxd4 {[%clk
01:02:30]} {[%emt 00:02:01]} 14. Bxd4 {[%clk 00:36:47]} {[%emt 00:01:44]} exd4
{[%clk 01:01:54]} {[%emt 00:01:06]} 15. f4 {[%clk 00:33:01]} {[%emt 00:04:16]}
Nxd5 {[%clk 01:00:26]} {[%emt 00:01:57]} 16. Bxd5 {[%clk 00:32:19]} {[%emt
00:01:12]} Bxd5 {[%clk 01:00:23]} {[%emt 00:00:32]} 17. exd5 {[%clk 00:32:40]}
{[%emt 00:00:10]} Qf6 {[%clk 00:56:25]} {[%emt 00:04:28]} 18. Qf2 {[%clk
00:26:38]} {[%emt 00:06:32]} c5 {[%clk 00:51:37]} {[%emt 00:05:18]} 19. Rab1
{[%clk 00:21:59]} {[%emt 00:05:09]} b6 {[%clk 00:50:13]} {[%emt 00:01:55]} 20.
Rbe1 {[%clk 00:16:57]} {[%emt 00:05:32]} Qf5 {[%clk 00:49:12]} {[%emt
00:01:30]} 21. Qf3 {[%clk 00:16:10]} {[%emt 00:01:17]} Qd7 {[%clk 00:47:00]}
{[%emt 00:02:42]} 22. Qg4 {[%clk 00:04:18]} {[%emt 00:12:22]} Qa4 {[%clk
00:44:45]} {[%emt 00:02:45]} 23. Qf5+ {[%clk 00:04:16]} {[%emt 00:00:32]} Kg8
{[%clk 00:44:24]} {[%emt 00:00:51]} 24. bxc5 {[%clk 00:03:45]} {[%emt
00:01:02]} bxc5 {[%clk 00:43:50]} {[%emt 00:01:03]} 25. g4 {[%clk 00:03:19]}
{[%emt 00:00:56]} Qxc2 {[%clk 00:42:05]} {[%emt 00:02:15]} 26. g5 {[%clk
00:02:43]} {[%emt 00:01:07]} hxg5 {[%clk 00:41:01]} {[%emt 00:01:32]} 27. fxg5
{[%clk 00:03:06]} {[%emt 00:00:08]} Rxe1 {[%clk 00:38:17]} {[%emt 00:03:14]}
28. Qxf7+ {[%clk 00:03:09]} {[%emt 00:00:27]} Kh8 {[%clk 00:38:01]} {[%emt
00:00:47]} 29. Qh5+ {[%clk 00:03:09]} {[%emt 00:00:30]} Kg8 {[%clk 00:37:37]}
{[%emt 00:00:53]} 30. Qf7+ {[%clk 00:03:37]} {[%emt 00:00:03]} Kh8 {[%clk
00:37:56]} {[%emt 00:00:10]} 1/2-1/2

[Event "DEM U10 2021"]
[Site "Willingen GER"]
[Date "2021.08.23"]
[Round "1"]
[White "Akcapinar, Timur"]
[Black "Junge, Mattheo Gabriel"]
[Result "0-1"]
[Termination "normal"]
[Board "14"]
[WhiteElo "1216"]
[BlackElo "1451"]
[WhiteClock "00:43:54"]
[BlackClock "01:04:36"]
[PlyCount "52"]
[WhiteFideId "16287509"]
[BlackFideId "34605908"]
[EventCountry "GER"]
[EventRounds "11"]
[EventType "swiss"]
[EventDate "2021.08.22"]

1. e4 {[%clk 01:15:58]} {[%emt 00:00:01]} e5 {[%clk 01:15:59]} 2. Nf3 {[%clk
01:16:23]} {[%emt 00:00:05]} Nc6 {[%clk 01:16:23]} {[%emt 00:00:07]} 3. d4
{[%clk 01:16:49]} {[%emt 00:00:03]} exd4 {[%clk 01:16:48]} {[%emt 00:00:06]} 4.
Bc4 {[%clk 01:17:04]} {[%emt 00:00:15]} Bc5 {[%clk 01:16:43]} {[%emt 00:00:35]}
5. c3 {[%clk 01:17:26]} {[%emt 00:00:07]} dxc3 {[%clk 01:16:17]} {[%emt
00:00:56]} 6. Bxf7+ {[%clk 01:17:44]} {[%emt 00:00:12]} Kxf7 {[%clk 01:16:30]}
{[%emt 00:00:17]} 7. Qd5+ {[%clk 01:18:08]} {[%emt 00:00:06]} Kf8 {[%clk
01:15:45]} {[%emt 00:01:15]} 8. Qxc5+ {[%clk 01:18:14]} {[%emt 00:00:23]} d6
{[%clk 01:16:03]} {[%emt 00:00:13]} 9. Qc4 {[%clk 01:18:23]} {[%emt 00:00:14]}
Qf6 {[%clk 01:14:32]} {[%emt 00:02:08]} 10. Nxc3 {[%clk 01:16:53]} {[%emt
00:01:59]} Be6 {[%clk 01:14:38]} {[%emt 00:00:25]} 11. Qb5 {[%clk 01:11:23]}
{[%emt 00:06:00]} Rb8 {[%clk 01:13:05]} {[%emt 00:01:55]} 12. Bg5 {[%clk
01:09:55]} {[%emt 00:02:06]} Qf7 {[%clk 01:11:32]} {[%emt 00:02:02]} 13. O-O
{[%clk 01:07:11]} {[%emt 00:03:15]} h6 {[%clk 01:11:44]} {[%emt 00:00:17]} 14.
Be3 {[%clk 01:04:44]} {[%emt 00:02:56]} Bc4 {[%clk 01:10:56]} {[%emt 00:01:18]}
15. Qf5 {[%clk 00:59:54]} {[%emt 00:05:23]} Qxf5 {[%clk 01:10:56]} {[%emt
00:00:29]} 16. exf5 {[%clk 01:00:15]} {[%emt 00:00:09]} Bxf1 {[%emt 00:00:06]}
17. Kxf1 {[%emt 00:00:43]} Nf6 {[%clk 01:10:14]} {[%emt 00:00:23]} 18. Re1
{[%clk 00:58:32]} {[%emt 00:02:12]} Re8 {[%clk 01:10:20]} {[%emt 00:00:17]} 19.
Nh4 {[%clk 00:58:12]} {[%emt 00:00:57]} Kf7 {[%clk 01:09:45]} {[%emt 00:01:05]}
20. Rd1 {[%clk 00:53:47]} {[%emt 00:04:53]} Rhg8 {[%clk 01:07:20]} {[%emt
00:02:17]} 21. Nd5 {[%emt 00:04:49]} Nxd5 {[%clk 01:07:29]} {[%emt 00:00:19]}
22. Rxd5 {[%clk 00:48:04]} {[%emt 00:02:36]} Re4 {[%clk 01:06:20]} {[%emt
00:01:39]} 23. Ng6 {[%clk 00:45:05]} {[%emt 00:03:29]} Rge8 {[%clk 01:04:58]}
{[%emt 00:01:50]} 24. g3 {[%clk 00:44:28]} {[%emt 00:01:08]} Ne5 {[%clk
01:04:32]} {[%emt 00:00:57]} 25. Nxe5+ {[%clk 00:44:03]} {[%emt 00:00:55]}
R8xe5 {[%clk 01:04:33]} {[%emt 00:00:28]} 26. Rd3 {[%clk 00:43:54]} {[%emt
00:00:35]} Rxf5 {[%clk 01:04:36]} {[%emt 00:00:30]} 0-1

[Event "DEM U10 2021"]
[Site "Willingen GER"]
[Date "2021.08.23"]
[Round "1"]
[White "Ley, Cornelius"]
[Black "Burban, Victor"]
[Result "1-0"]
[Termination "normal"]
[Board "15"]
[WhiteElo "1447"]
[BlackElo "1215"]
[WhiteClock "00:45:00"]
[BlackClock "00:25:24"]
[PlyCount "75"]
[WhiteFideId "34608907"]
[BlackFideId "34609032"]
[EventCountry "GER"]
[EventRounds "11"]
[EventType "swiss"]
[EventDate "2021.08.22"]

1. e4 {[%clk 01:15:54]} {[%emt 00:00:05]} e6 {[%clk 01:15:55]} {[%emt
00:00:05]} 2. d4 {[%clk 01:16:13]} {[%emt 00:00:11]} d5 {[%clk 01:16:20]}
{[%emt 00:00:05]} 3. e5 {[%clk 01:16:36]} {[%emt 00:00:07]} c5 {[%clk
01:16:44]} {[%emt 00:00:06]} 4. c3 {[%clk 01:17:01]} {[%emt 00:00:05]} Qb6
{[%clk 01:17:02]} {[%emt 00:00:12]} 5. Nf3 {[%clk 01:16:42]} {[%emt 00:00:49]}
Nc6 {[%clk 01:17:19]} {[%emt 00:00:14]} 6. Bd3 {[%clk 01:16:31]} {[%emt
00:00:41]} cxd4 {[%clk 01:17:33]} {[%emt 00:00:16]} 7. cxd4 {[%clk 01:16:48]}
{[%emt 00:00:12]} Bd7 {[%clk 01:17:54]} {[%emt 00:00:08]} 8. O-O {[%clk
01:15:59]} {[%emt 00:01:21]} Nxd4 {[%clk 01:17:44]} {[%emt 00:00:38]} 9. Nxd4
{[%clk 01:16:05]} {[%emt 00:00:25]} Qxd4 {[%clk 01:18:03]} {[%emt 00:00:10]}
10. Qe2 {[%clk 01:15:35]} {[%emt 00:01:01]} Qb6 {[%clk 01:17:36]} {[%emt
00:00:56]} 11. Nd2 {[%clk 01:10:01]} {[%emt 00:06:06]} Ne7 {[%clk 01:16:30]}
{[%emt 00:01:35]} 12. Nb3 {[%clk 01:09:10]} {[%emt 00:01:21]} Nc6 {[%clk
01:15:39]} {[%emt 00:01:21]} 13. Rd1 {[%clk 01:08:23]} {[%emt 00:01:16]} Qc7
{[%clk 01:12:41]} {[%emt 00:03:29]} 14. Be3 {[%clk 01:08:16]} {[%emt 00:00:38]}
Qxe5 {[%clk 01:10:34]} {[%emt 00:02:35]} 15. Rac1 {[%clk 01:08:01]} {[%emt
00:00:47]} Qc7 {[%clk 01:08:39]} {[%emt 00:02:22]} 16. Nc5 {[%clk 01:05:56]}
{[%emt 00:02:37]} Bd6 {[%clk 01:05:55]} {[%emt 00:03:14]} 17. g3 {[%clk
01:04:36]} {[%emt 00:01:51]} d4 {[%clk 01:00:23]} {[%emt 00:06:02]} 18. Bd2
{[%clk 01:03:30]} {[%emt 00:01:36]} Ne5 {[%clk 00:56:34]} {[%emt 00:04:18]} 19.
Nxe6 {[%clk 01:01:56]} {[%emt 00:02:04]} Qb6 {[%clk 00:54:28]} {[%emt
00:02:34]} 20. Nxg7+ {[%clk 01:00:17]} {[%emt 00:02:10]} Ke7 {[%clk 00:51:39]}
{[%emt 00:03:20]} 21. f4 {[%clk 00:59:28]} {[%emt 00:01:19]} Bg4 {[%clk
00:50:12]} {[%emt 00:01:55]} 22. Qe4 {[%clk 00:57:14]} {[%emt 00:02:47]} Bxd1
{[%clk 00:49:03]} {[%emt 00:01:37]} 23. fxe5 {[%clk 00:57:09]} {[%emt
00:00:37]} Bc5 {[%clk 00:46:36]} {[%emt 00:02:56]} 24. Nf5+ {[%clk 00:56:20]}
{[%emt 00:01:19]} Ke8 {[%clk 00:44:38]} {[%emt 00:02:27]} 25. Rxd1 {[%clk
00:56:00]} {[%emt 00:00:51]} Qc6 {[%clk 00:42:45]} {[%emt 00:02:19]} 26. Qe2
{[%clk 00:54:39]} {[%emt 00:01:54]} Rg8 {[%clk 00:40:55]} {[%emt 00:02:21]} 27.
Kf1 {[%clk 00:53:18]} {[%emt 00:01:50]} Qh1+ {[%clk 00:40:09]} {[%emt
00:01:16]} 28. Kf2 {[%clk 00:53:00]} {[%emt 00:00:50]} Qxh2+ {[%clk 00:40:01]}
{[%emt 00:00:37]} 29. Kf3 {[%clk 00:53:16]} {[%emt 00:00:13]} Qh5+ {[%clk
00:38:46]} {[%emt 00:01:45]} 30. Ke4 {[%clk 00:50:51]} {[%emt 00:02:57]} Qg6
{[%clk 00:35:49]} {[%emt 00:03:27]} 31. Kd5 {[%clk 00:48:05]} {[%emt 00:03:16]}
Qc6+ {[%clk 00:34:30]} {[%emt 00:01:44]} 32. Kc4 {[%clk 00:48:09]} {[%emt
00:00:30]} Bb6+ {[%clk 00:33:18]} {[%emt 00:01:42]} 33. Kb3 {[%clk 00:47:57]}
{[%emt 00:00:43]} Qd5+ {[%clk 00:30:54]} {[%emt 00:02:51]} 34. Bc4 {[%clk
00:47:11]} {[%emt 00:01:18]} Qd7 {[%clk 00:29:19]} {[%emt 00:02:03]} 35. Bb5
{[%clk 00:47:17]} {[%emt 00:00:26]} Rd8 {[%clk 00:25:51]} {[%emt 00:03:58]} 36.
Bxd7+ {[%clk 00:47:36]} {[%emt 00:00:12]} Rxd7 {[%clk 00:25:27]} {[%emt
00:00:53]} 37. Nd6+ {[%clk 00:46:59]} {[%emt 00:01:07]} Kd8 {[%clk 00:25:24]}
{[%emt 00:00:34]} 38. Bf4 {[%clk 00:45:00]} {[%emt 00:02:29]} 1-0

[Event "DEM U10 2021"]
[Site "Willingen GER"]
[Date "2021.08.23"]
[Round "1"]
[White "Sydykov, Bayastan"]
[Black "Rodriguez Klasen, Ennio"]
[Result "1/2-1/2"]
[Termination "normal"]
[Board "16"]
[WhiteElo "1209"]
[BlackElo "1341"]
[WhiteClock "01:20:56"]
[BlackClock "01:15:30"]
[PlyCount "106"]
[WhiteFideId "13829610"]
[BlackFideId "16277414"]
[EventCountry "GER"]
[EventRounds "11"]
[EventType "swiss"]
[EventDate "2021.08.22"]

1. e4 {[%clk 01:15:57]} {[%emt 00:00:02]} g6 {[%clk 01:15:46]} {[%emt
00:00:15]} 2. d4 {[%clk 01:16:19]} {[%emt 00:00:08]} Bg7 {[%clk 01:15:50]}
{[%emt 00:00:26]} 3. Nc3 {[%clk 01:16:33]} {[%emt 00:00:16]} c5 {[%clk
01:15:13]} {[%emt 00:01:07]} 4. Be3 {[%clk 01:16:37]} {[%emt 00:00:26]} Nc6
{[%clk 01:04:39]} {[%emt 00:11:05]} 5. dxc5 {[%clk 01:16:36]} {[%emt 00:00:30]}
Bxc3+ {[%clk 01:04:08]} {[%emt 00:01:01]} 6. bxc3 {[%clk 01:15:57]} {[%emt
00:01:09]} Qc7 {[%clk 01:00:45]} {[%emt 00:03:54]} 7. Nf3 {[%clk 01:15:19]}
{[%emt 00:01:07]} Nf6 {[%clk 00:58:33]} {[%emt 00:02:41]} 8. Bc4 {[%clk
01:15:00]} {[%emt 00:00:49]} Nxe4 {[%clk 00:53:51]} {[%emt 00:05:08]} 9. Qd5
{[%clk 01:14:27]} {[%emt 00:01:06]} Nf6 {[%clk 00:40:33]} {[%emt 00:13:50]} 10.
Qxf7+ {[%clk 01:14:36]} {[%emt 00:00:21]} Kd8 {[%clk 00:40:48]} {[%emt
00:00:14]} 11. h3 {[%clk 01:13:42]} {[%emt 00:01:24]} Qa5 {[%clk 00:36:21]}
{[%emt 00:04:58]} 12. O-O {[%clk 01:13:11]} {[%emt 00:01:00]} Rg8 {[%clk
00:30:00]} {[%emt 00:06:51]} 13. Bd4 {[%clk 01:13:11]} {[%emt 00:00:30]} Nxd4
{[%clk 00:27:06]} {[%emt 00:03:25]} 14. cxd4 {[%clk 01:13:14]} {[%emt
00:00:26]} Qc7 {[%clk 00:22:36]} {[%emt 00:04:59]} 15. g4 {[%clk 01:12:43]}
{[%emt 00:01:03]} Re8 {[%clk 00:19:41]} {[%emt 00:03:25]} 16. Ne5 {[%clk
01:11:39]} {[%emt 00:01:34]} d6 {[%clk 00:12:21]} {[%emt 00:07:50]} 17. cxd6
{[%clk 01:11:55]} {[%emt 00:00:14]} Qxd6 {[%clk 00:12:26]} {[%emt 00:00:25]}
18. g5 {[%clk 01:11:58]} {[%emt 00:00:25]} Nd7 {[%clk 00:10:51]} {[%emt
00:02:06]} 19. Qf4 {[%clk 01:11:10]} {[%emt 00:01:16]} Kc7 {[%clk 00:08:59]}
{[%emt 00:02:26]} 20. c3 {[%clk 01:10:47]} {[%emt 00:00:50]} Rf8 {[%clk
00:08:25]} {[%emt 00:01:06]} 21. Qg3 {[%clk 01:10:11]} {[%emt 00:01:03]} Rf5
{[%clk 00:07:28]} {[%emt 00:01:30]} 22. f4 {[%clk 01:10:18]} {[%emt 00:00:21]}
Nb6 {[%clk 00:06:05]} {[%emt 00:01:55]} 23. Bd3 {[%clk 01:10:28]} {[%emt
00:00:18]} Rf8 {[%clk 00:06:18]} {[%emt 00:00:18]} 24. Rac1 {[%clk 01:10:12]}
{[%emt 00:00:45]} Bf5 {[%clk 00:06:16]} {[%emt 00:00:34]} 25. Bxf5 {[%clk
01:10:22]} {[%emt 00:00:20]} Rxf5 {[%clk 00:06:38]} {[%emt 00:00:08]} 26. Rcd1
{[%clk 01:09:58]} {[%emt 00:00:53]} Qe6 {[%clk 00:05:24]} {[%emt 00:01:45]} 27.
c4 {[%clk 01:10:05]} {[%emt 00:00:21]} Rd8 {[%clk 00:05:25]} {[%emt 00:00:30]}
28. d5 {[%clk 01:10:26]} {[%emt 00:00:09]} Qd6 {[%clk 00:05:30]} {[%emt
00:00:26]} 29. Qe3 {[%clk 01:09:34]} {[%emt 00:01:21]} Nd7 {[%clk 00:04:59]}
{[%emt 00:01:02]} 30. Nxd7 {[%clk 01:09:43]} {[%emt 00:00:21]} Rxd7 {[%clk
00:05:05]} {[%emt 00:00:24]} 31. c5 {[%clk 01:09:59]} {[%emt 00:00:14]} Qa6
{[%clk 00:05:10]} {[%emt 00:00:25]} 32. d6+ {[%clk 01:10:13]} {[%emt 00:00:15]}
exd6 {[%clk 00:04:20]} {[%emt 00:01:21]} 33. cxd6+ {[%clk 01:10:17]} {[%emt
00:00:26]} Kd8 {[%clk 00:04:17]} {[%emt 00:00:32]} 34. Qe6 {[%clk 01:10:23]}
{[%emt 00:00:22]} Qb6+ {[%clk 00:03:36]} {[%emt 00:01:14]} 35. Rf2 {[%clk
01:10:33]} {[%emt 00:00:19]} Rf8 {[%clk 00:03:48]} {[%emt 00:00:19]} 36. h4
{[%clk 01:09:24]} {[%emt 00:01:38]} Re8 {[%clk 00:03:19]} {[%emt 00:01:00]} 37.
Qf6+ {[%clk 01:09:06]} {[%emt 00:00:47]} Kc8 {[%clk 00:03:45]} {[%emt
00:00:05]} 38. Rd4 {[%clk 01:08:58]} {[%emt 00:00:35]} Red8 {[%clk 00:03:05]}
{[%emt 00:01:13]} 39. Qe5 {[%clk 01:08:34]} {[%emt 00:00:52]} Rxd6 {[%clk
00:02:35]} {[%emt 00:01:02]} 40. Rxd6 {[%clk 01:08:38]} {[%emt 00:00:25]} Qxd6
{[%clk 00:02:36]} {[%emt 00:00:29]} 41. Qg7 {[%clk 01:07:57]} {[%emt 00:01:09]}
Qd7 {[%clk 00:01:42]} {[%emt 00:01:27]} 42. Qc3+ {[%clk 01:07:58]} {[%emt
00:00:28]} Kb8 {[%clk 00:01:07]} {[%emt 00:01:06]} 43. Qg3 {[%clk 01:07:50]}
{[%emt 00:00:37]} Qc7 {[%clk 00:15:05]} {[%emt 00:01:34]} 44. Kh2 {[%clk
01:22:36]} {[%emt 00:00:40]} Rf8 {[%clk 00:14:34]} {[%emt 00:01:03]} 45. f5
{[%clk 01:22:37]} {[%emt 00:00:29]} gxf5 {[%clk 00:12:47]} {[%emt 00:02:18]}
46. h5 {[%clk 01:22:39]} {[%emt 00:00:27]} f4 {[%clk 00:12:18]} {[%emt
00:00:59]} 47. Qg4 {[%clk 01:22:36]} {[%emt 00:00:33]} f3+ {[%clk 00:09:34]}
{[%emt 00:03:14]} 48. Qg3 {[%clk 01:22:51]} {[%emt 00:00:14]} Rf4 {[%clk
00:07:43]} {[%emt 00:02:23]} 49. Kg1 {[%clk 01:22:31]} {[%emt 00:00:49]} Qc1+
{[%clk 00:06:19]} {[%emt 00:01:55]} 50. Kh2 {[%clk 01:22:06]} {[%emt 00:00:53]}
Qe3 {[%clk 00:06:13]} {[%emt 00:00:38]} 51. g6 {[%clk 01:21:24]} {[%emt
00:01:10]} hxg6 {[%clk 00:05:12]} {[%emt 00:01:32]} 52. hxg6 {[%clk 01:21:36]}
{[%emt 00:00:18]} Qe5 {[%clk 00:05:09]} {[%emt 00:00:34]} 53. Kg1 {[%clk
01:20:56]} {[%emt 00:01:07]} Qe1+ {[%clk 01:15:30]} {[%emt 00:00:50]} 1/2-1/2

[Event "DEM U10 2021"]
[Site "Willingen GER"]
[Date "2021.08.23"]
[Round "1"]
[White "Wang, Kaiwen"]
[Black "He, Saiqi"]
[Result "1-0"]
[Termination "normal"]
[Board "17"]
[WhiteElo "1068"]
[BlackElo "1188"]
[WhiteClock "00:53:18"]
[BlackClock "00:25:40"]
[PlyCount "79"]
[WhiteFideId "16279514"]
[BlackFideId "16292723"]
[EventCountry "GER"]
[EventRounds "11"]
[EventType "swiss"]
[EventDate "2021.08.22"]

1. e4 {[%clk 01:15:58]} {[%emt 00:00:01]} e5 {[%clk 01:15:50]} {[%emt
00:00:10]} 2. Nf3 {[%clk 01:16:25]} {[%emt 00:00:04]} Nc6 {[%clk 01:16:13]}
{[%emt 00:00:07]} 3. Nc3 {[%clk 01:16:49]} {[%emt 00:00:05]} Nf6 {[%clk
01:16:08]} {[%emt 00:00:35]} 4. d4 {[%clk 01:17:14]} {[%emt 00:00:05]} exd4
{[%clk 01:15:42]} {[%emt 00:00:56]} 5. Nxd4 {[%clk 01:17:37]} {[%emt 00:00:06]}
Bb4 {[%clk 01:14:42]} {[%emt 00:01:31]} 6. Nxc6 {[%clk 01:18:00]} {[%emt
00:00:08]} bxc6 {[%clk 01:14:56]} {[%emt 00:00:16]} 7. Bd3 {[%clk 01:18:25]}
{[%emt 00:00:05]} O-O {[%clk 01:14:54]} {[%emt 00:00:32]} 8. O-O {[%clk
01:18:10]} {[%emt 00:00:44]} d6 {[%clk 01:10:37]} {[%emt 00:04:47]} 9. Bg5
{[%clk 01:17:46]} {[%emt 00:00:55]} h6 {[%clk 01:10:24]} {[%emt 00:00:42]} 10.
Bh4 {[%clk 01:17:46]} {[%emt 00:00:30]} Qe7 {[%clk 01:05:16]} {[%emt 00:05:36]}
11. a3 {[%clk 01:16:13]} {[%emt 00:02:05]} Bxc3 {[%clk 01:04:36]} {[%emt
00:01:10]} 12. bxc3 {[%clk 01:16:36]} {[%emt 00:00:08]} Qe5 {[%clk 01:04:51]}
{[%emt 00:00:15]} 13. c4 {[%clk 01:13:22]} {[%emt 00:03:44]} Nd7 {[%clk
00:58:13]} {[%emt 00:07:07]} 14. f4 {[%clk 01:10:40]} {[%emt 00:03:12]} Qc3
{[%clk 00:56:55]} {[%emt 00:01:49]} 15. Qe1 {[%clk 01:09:28]} {[%emt 00:01:41]}
Qb2 {[%clk 00:55:17]} {[%emt 00:02:07]} 16. Qb4 {[%clk 01:09:11]} {[%emt
00:00:47]} Qd4+ {[%clk 00:54:03]} {[%emt 00:01:45]} 17. Bf2 {[%clk 01:09:12]}
{[%emt 00:00:28]} Qf6 {[%clk 00:54:04]} {[%emt 00:00:30]} 18. Be3 {[%clk
01:08:51]} {[%emt 00:00:51]} Nb6 {[%clk 00:46:44]} {[%emt 00:07:50]} 19. e5
{[%clk 01:05:17]} {[%emt 00:04:04]} dxe5 {[%clk 00:45:37]} {[%emt 00:01:37]}
20. Bh7+ {[%clk 01:04:55]} {[%emt 00:00:52]} Kxh7 {[%clk 00:45:34]} {[%emt
00:00:33]} 21. Qxf8 {[%clk 01:05:13]} {[%emt 00:00:11]} exf4 {[%clk 00:45:50]}
{[%emt 00:00:15]} 22. Bxf4 {[%clk 01:05:10]} {[%emt 00:00:34]} Qd4+ {[%clk
00:43:38]} {[%emt 00:02:42]} 23. Kh1 {[%clk 01:05:30]} {[%emt 00:00:09]} Qxc4
{[%clk 00:42:52]} {[%emt 00:01:16]} 24. Bxc7 {[%clk 01:04:37]} {[%emt
00:01:23]} Be6 {[%clk 00:42:37]} {[%emt 00:00:45]} 25. Qb4 {[%emt 00:02:36]}
Qxc2 {[%clk 00:42:13]} {[%emt 00:00:02]} 26. Bxb6 {[%clk 01:03:38]} {[%emt
00:00:15]} axb6 {[%clk 00:42:24]} {[%emt 00:00:19]} 27. Qxb6 {[%clk 01:03:53]}
{[%emt 00:00:15]} Bd5 {[%clk 00:42:41]} {[%emt 00:00:14]} 28. Qf2 {[%clk
01:03:08]} {[%emt 00:01:12]} Qc3 {[%clk 00:42:07]} {[%emt 00:01:06]} 29. Qg3
{[%clk 01:02:48]} {[%emt 00:00:50]} Qb2 {[%clk 00:40:26]} {[%emt 00:02:11]} 30.
a4 {[%clk 01:01:57]} {[%emt 00:01:22]} Re8 {[%clk 00:38:49]} {[%emt 00:02:07]}
31. Rae1 {[%clk 01:00:33]} {[%emt 00:01:53]} Rxe1 {[%clk 00:36:50]} {[%emt
00:02:30]} 32. Rxe1 {[%clk 01:00:28]} {[%emt 00:00:34]} Qa2 {[%clk 00:36:42]}
{[%emt 00:00:39]} 33. Qg4 {[%clk 00:58:39]} {[%emt 00:02:18]} Bb3 {[%clk
00:33:12]} {[%emt 00:04:00]} 34. h3 {[%clk 00:55:33]} {[%emt 00:03:36]} Qxa4
{[%clk 00:32:54]} {[%emt 00:00:48]} 35. Qf5+ {[%clk 00:54:06]} {[%emt
00:01:57]} g6 {[%clk 00:33:01]} {[%emt 00:00:24]} 36. Qf6 {[%clk 00:54:22]}
{[%emt 00:00:13]} c5 {[%clk 00:30:56]} {[%emt 00:02:36]} 37. Re2 {[%clk
00:52:45]} {[%emt 00:02:07]} Bc4 {[%clk 00:30:28]} {[%emt 00:00:58]} 38. Rd2
{[%clk 00:52:53]} {[%emt 00:00:21]} Qa5 {[%clk 00:30:18]} {[%emt 00:00:40]} 39.
Rd8 {[%clk 00:53:00]} {[%emt 00:00:22]} Qa1+ {[%clk 00:25:40]} {[%emt
00:05:09]} 40. Qxa1 {[%clk 00:53:18]} {[%emt 00:00:13]} 1-0